[Event "Irena Warakomska Memorial A"]
[Site "Suwalki"]
[Date "2021.07.29"]
[Round "3"]
[White "Golenia, Wojciech"]
[Black "Praczukowski, Stanislaw"]
[Result "1-0"]
[Board "32"]
[WhiteElo "2102"]
[WhiteCountry "POL"]
[WhiteFideId "1175300"]
[WhiteEloChange "12"]
[BlackElo "2156"]
[BlackCountry "POL"]
[BlackFideId "1182730"]
[BlackEloChange "-12"]

1. e4 {[%clk 1:30:30]} c5 {[%clk 1:30:50]} 2. Nf3 {[%clk 1:30:42]} d6 {[%clk
1:31:00]} 3. d4 {[%clk 1:30:36]} cxd4 {[%clk 1:30:45]} 4. Nxd4 {[%clk 1:30:43]}
Nf6 {[%clk 1:30:57]} 5. Nc3 {[%clk 1:30:52]} a6 {[%clk 1:31:21]} 6. Bg5 {[%clk
1:30:44]} e6 {[%clk 1:31:42]} 7. f4 {[%clk 1:30:53]} Be7 {[%clk 1:31:36]} 8. Qf3
{[%clk 1:30:20]} Qc7 {[%clk 1:31:09]} 9. O-O-O {[%clk 1:26:56]} Nbd7 {[%clk
1:31:21]} 10. g4 {[%clk 1:22:37]} h6 {[%clk 1:28:17]} 11. Bxf6 {[%clk 1:21:26]}
Bxf6 {[%clk 1:28:26]} 12. h4 {[%clk 1:20:58]} Nb6 {[%clk 1:27:31]} 13. g5 {[%clk
1:14:26]} Bxd4 {[%clk 1:22:05]} 14. Rxd4 {[%clk 1:13:39]} Qc5 {[%clk 1:21:50]}
15. Rd2 {[%clk 1:05:13]} Bd7 {[%clk 1:20:00]} 16. Be2 {[%clk 0:53:28]} Na4 {[%clk
0:53:35]} 17. Nxa4 {[%clk 0:43:29]} Bxa4 {[%clk 0:53:46]} 18. g6 {[%clk 0:41:32]}
O-O {[%clk 0:46:18]} 19. Qh3 {[%clk 0:33:31]} f5 {[%clk 0:41:17]} 20. exf5 {[%clk
0:30:18]} Rxf5 {[%clk 0:30:31]} 21. Bg4 {[%clk 0:26:43]} Rxf4 {[%clk 0:29:28]}
22. Bxe6+ {[%clk 0:24:56]} Kh8 {[%clk 0:29:47]} 23. Bb3 {[%clk 0:20:36]} Bxb3
{[%clk 0:28:35]} 24. Qxb3 {[%clk 0:19:52]} Rxh4 {[%clk 0:19:18]} 25. Rxh4 {[%clk
0:16:16]} Qg1+ {[%clk 0:19:42]} 26. Rd1 {[%clk 0:16:38]} Qg5+ {[%clk 0:20:08]}
27. Kb1 {[%clk 0:16:08]} Qxh4 {[%clk 0:20:32]} 28. Qxb7 {[%clk 0:15:46]} Rd8
{[%clk 0:17:19]} 29. Qxa6 {[%clk 0:12:57]} Qg4 {[%clk 0:14:16]} 30. Qd3 {[%clk
0:12:42]} d5 {[%clk 0:14:37]} 31. Re1 {[%clk 0:11:31]} Qb4 {[%clk 0:12:03]} 32.
Rf1 {[%clk 0:03:45]} Rb8 {[%clk 0:11:47]} 33. b3 {[%clk 0:03:22]} Qa3 {[%clk
0:10:28]} 34. Qd4 {[%clk 0:01:16]} Ra8 {[%clk 0:10:52]} 35. Qb2 {[%clk 0:00:37]}
Qa6 {[%clk 0:11:06]} 36. Rg1 {[%clk 0:00:45]} d4 {[%clk 0:10:18]} 37. a4 {[%clk
0:00:36]} Rd8 {[%clk 0:10:41]} 38. Ka2 {[%clk 0:00:34]} Qb6 {[%clk 0:10:42]} 39.
Rg3 {[%clk 0:00:33]} Rc8 {[%clk 0:09:41]} 40. Kb1 {[%clk 0:30:37]} Qb4 {[%clk
0:39:10]} 41. Qc1 {[%clk 0:25:34]} Re8 {[%clk 0:37:59]} 42. Qf4 {[%clk 0:23:02]}
Qa3 {[%clk 0:35:38]} 43. Qd2 {[%clk 0:22:30]} Qd6 {[%clk 0:35:59]} 44. Rg1 {[%clk
0:22:19]} Rc8 {[%clk 0:34:57]} 45. Qd3 {[%clk 0:21:24]} Rc3 {[%clk 0:34:59]} 46.
Re1 {[%clk 0:15:25]} Rc8 {[%clk 0:35:01]} 47. Qf5 {[%clk 0:14:33]} Rf8 {[%clk
0:34:43]} 48. Qd3 {[%clk 0:12:11]} Rc8 {[%clk 0:35:01]} 49. Qc4 {[%clk 0:12:08]}
Rf8 {[%clk 0:34:46]} 50. Qe6 {[%clk 0:12:09]} Qb8 {[%clk 0:34:04]} 51. Rd1 {[%clk
0:11:59]} Rd8 {[%clk 0:34:18]} 52. Rh1 {[%clk 0:10:04]} Qf4 {[%clk 0:34:25]} 53.
Re1 {[%clk 0:09:51]} Qb8 {[%clk 0:34:33]} 54. Qf7 {[%clk 0:08:00]} Rf8 {[%clk
0:34:38]} 55. Re7 {[%clk 0:07:39]} Rg8 {[%clk 0:34:35]} 56. Rd7 {[%clk 0:06:33]}
Qb6 {[%clk 0:34:53]} 57. Re7 {[%clk 0:05:34]} Qb8 {[%clk 0:35:16]} 58. Qd5 {[%clk
0:05:05]} Qf8 {[%clk 0:33:30]} 59. Rf7 {[%clk 0:04:46]} Qb4 {[%clk 0:33:36]} 60.
Rc7 {[%clk 0:04:22]} Qe1+ {[%clk 0:33:19]} 61. Kb2 {[%clk 0:04:35]} Qe8 {[%clk
0:33:17]} 62. Rf7 {[%clk 0:03:27]} Qe3 {[%clk 0:33:31]} 63. Rd7 {[%clk 0:02:20]}
Qc3+ {[%clk 0:33:49]} 64. Kb1 {[%clk 0:02:35]} Qe1+ {[%clk 0:34:09]} 65. Ka2
{[%clk 0:02:59]} Qe8 {[%clk 0:34:10]} 66. Rd6 {[%clk 0:03:10]} Qc8 {[%clk
0:34:29]} 67. Kb1 {[%clk 0:03:23]} Re8 {[%clk 0:33:15]} 68. Qxd4 {[%clk 0:03:43]}
Qf5 {[%clk 0:33:35]} 69. Qd3 {[%clk 0:03:16]} Qc8 {[%clk 0:33:24]} 70. Kb2 {[%clk
0:03:23]} Qb8 {[%clk 0:33:47]} 71. Qd4 {[%clk 0:03:36]} Rg8 {[%clk 0:34:09]} 72.
a5 {[%clk 0:03:45]} 1-0

[Event "Irena Warakomska Memorial A"]
[Site "Suwalki"]
[Date "2021.07.29"]
[Round "3"]
[White "Paprocki, Jaroslaw"]
[Black "Parol, Pola"]
[Result "1-0"]
[Board "33"]
[WhiteElo "2231"]
[WhiteCountry "POL"]
[WhiteFideId "1122274"]
[WhiteEloChange "7"]
[BlackElo "2111"]
[BlackTitle "WFM"]
[BlackCountry "POL"]
[BlackFideId "1163116"]
[BlackEloChange "-7"]

1. e4 {[%clk 1:25:33]} c5 {[%clk 1:30:51]} 2. Nf3 {[%clk 1:25:58]} d6 {[%clk
1:31:01]} 3. d4 {[%clk 1:26:01]} cxd4 {[%clk 1:31:23]} 4. Nxd4 {[%clk 1:26:26]}
Nf6 {[%clk 1:31:47]} 5. Nc3 {[%clk 1:26:50]} a6 {[%clk 1:32:12]} 6. Bg5 {[%clk
1:25:27]} e6 {[%clk 1:32:13]} 7. f4 {[%clk 1:23:19]} h6 {[%clk 1:32:01]} 8. Bh4
{[%clk 1:22:25]} Qb6 {[%clk 1:31:42]} 9. a3 {[%clk 1:11:48]} Be7 {[%clk 1:28:47]}
10. Bf2 {[%clk 1:11:26]} Qc7 {[%clk 1:28:56]} 11. Qf3 {[%clk 1:04:39]} Nc6 {[%clk
1:27:20]} 12. Nb3 {[%clk 1:04:21]} Bd7 {[%clk 1:16:02]} 13. Bd3 {[%clk 1:00:30]}
b5 {[%clk 1:11:33]} 14. O-O {[%clk 0:58:24]} O-O {[%clk 1:08:46]} 15. Rad1 {[%clk
0:49:07]} b4 {[%clk 1:01:45]} 16. axb4 {[%clk 0:49:33]} Nxb4 {[%clk 1:01:30]} 17.
e5 {[%clk 0:48:14]} Bc6 {[%clk 0:52:25]} 18. Qe2 {[%clk 0:35:02]} Nfd5 {[%clk
0:45:45]} 19. Nxd5 {[%clk 0:32:58]} Bxd5 {[%clk 0:42:35]} 20. Nc1 {[%clk
0:25:00]} Rfc8 {[%clk 0:28:41]} 21. c3 {[%clk 0:23:57]} Nxd3 {[%clk 0:28:39]} 22.
Nxd3 {[%clk 0:24:19]} Bc4 {[%clk 0:27:18]} 23. Bd4 {[%clk 0:23:16]} dxe5 {[%clk
0:23:48]} 24. fxe5 {[%clk 0:22:15]} Bg5 {[%clk 0:21:39]} 25. Rf2 {[%clk 0:21:16]}
Qb7 {[%clk 0:19:50]} 26. Qg4 {[%clk 0:18:32]} Qb5 {[%clk 0:16:51]} 27. Ne1 {[%clk
0:16:07]} Rab8 {[%clk 0:14:06]} 28. h4 {[%clk 0:15:25]} Bd8 {[%clk 0:13:22]} 29.
Rdd2 {[%clk 0:14:56]} Bb6 {[%clk 0:12:41]} 30. Bxb6 {[%clk 0:11:48]} Rxb6 {[%clk
0:08:45]} 31. Nf3 {[%clk 0:12:11]} Bd5 {[%clk 0:07:47]} 32. Nd4 {[%clk 0:12:16]}
Qc5 {[%clk 0:07:06]} 33. Rd3 {[%clk 0:11:00]} Rcb8 {[%clk 0:05:22]} 34. Rg3
{[%clk 0:09:56]} Qf8 {[%clk 0:04:51]} 35. b4 {[%clk 0:09:52]} R8b7 {[%clk
0:04:01]} 36. Ne2 {[%clk 0:08:00]} Kh7 {[%clk 0:02:43]} 37. Rf4 {[%clk 0:06:42]}
Rc7 {[%clk 0:02:23]} 38. c4 {[%clk 0:04:59]} Ba8 {[%clk 0:02:20]} 39. c5 {[%clk
0:04:42]} Rb8 {[%clk 0:02:09]} 40. Ra3 {[%clk 0:31:00]} Bb7 {[%clk 0:31:46]} 41.
Rd4 {[%clk 0:30:43]} Rd8 {[%clk 0:28:08]} 42. Rd6 {[%clk 0:30:39]} Rb8 {[%clk
0:23:59]} 43. Nc3 {[%clk 0:24:27]} Qe8 {[%clk 0:16:49]} 44. Qd4 {[%clk 0:23:11]}
Qc8 {[%clk 0:13:57]} 45. Na4 {[%clk 0:20:35]} Bc6 {[%clk 0:13:46]} 46. Nb6 {[%clk
0:20:51]} Qb7 {[%clk 0:13:54]} 47. Rg3 {[%clk 0:21:04]} Be4 {[%clk 0:11:30]} 48.
Nd7 {[%clk 0:15:51]} Ra8 {[%clk 0:09:51]} 49. Rg4 {[%clk 0:15:15]} Bf5 {[%clk
0:07:09]} 50. Rf4 {[%clk 0:15:36]} h5 {[%clk 0:07:14]} 51. Nb6 {[%clk 0:15:21]}
Rb8 {[%clk 0:07:06]} 52. Qd1 {[%clk 0:14:30]} Bg4 {[%clk 0:06:53]} 53. Qd3+
{[%clk 0:13:50]} Kg8 {[%clk 0:06:39]} 54. Rfd4 {[%clk 0:13:02]} Bf5 {[%clk
0:06:40]} 55. Qf3 {[%clk 0:10:34]} Qxf3 {[%clk 0:05:46]} 56. gxf3 {[%clk
0:10:27]} a5 {[%clk 0:01:19]} 57. bxa5 {[%clk 0:02:56]} Rxc5 {[%clk 0:01:41]} 58.
a6 {[%clk 0:01:55]} Ra5 {[%clk 0:01:38]} 59. Ra4 {[%clk 0:02:07]} Rxa4 {[%clk
0:01:28]} 60. Nxa4 {[%clk 0:02:31]} Bc2 {[%clk 0:00:37]} 61. Nb6 {[%clk 0:01:47]}
1-0

[Event "Irena Warakomska Memorial A"]
[Site "Suwalki"]
[Date "2021.07.29"]
[Round "3"]
[White "Kumala, Aleksander"]
[Black "Parol, Pawel"]
[Result "1/2-1/2"]
[Board "34"]
[WhiteElo "2206"]
[WhiteTitle "CM"]
[WhiteCountry "POL"]
[WhiteFideId "1141880"]
[WhiteEloChange "-2"]
[BlackElo "2144"]
[BlackCountry "POL"]
[BlackFideId "1119826"]
[BlackEloChange "2"]

1. e4 {[%clk 1:28:51]} e6 {[%clk 1:30:54]} 2. d4 {[%clk 1:29:16]} d5 {[%clk
1:31:20]} 3. Nd2 {[%clk 1:29:41]} c5 {[%clk 1:30:45]} 4. Ngf3 {[%clk 1:30:05]}
cxd4 {[%clk 1:30:05]} 5. exd5 {[%clk 1:30:29]} Qxd5 {[%clk 1:30:27]} 6. Bc4
{[%clk 1:30:53]} Qd6 {[%clk 1:30:15]} 7. O-O {[%clk 1:31:15]} Nf6 {[%clk
1:28:59]} 8. Nb3 {[%clk 1:31:40]} Nc6 {[%clk 1:28:43]} 9. Nbxd4 {[%clk 1:32:04]}
Nxd4 {[%clk 1:27:35]} 10. Nxd4 {[%clk 1:32:27]} Be7 {[%clk 1:23:14]} 11. Nb5
{[%clk 1:16:58]} Qxd1 {[%clk 0:49:07]} 12. Rxd1 {[%clk 1:16:35]} O-O {[%clk
0:48:43]} 13. Be3 {[%clk 1:09:09]} b6 {[%clk 0:43:46]} 14. a4 {[%clk 1:08:21]}
Bd7 {[%clk 0:20:03]} 15. a5 {[%clk 1:00:10]} Bxb5 {[%clk 0:17:58]} 16. Bxb5
{[%clk 0:57:01]} Rac8 {[%clk 0:14:51]} 17. c4 {[%clk 0:54:38]} Bc5 {[%clk
0:13:30]} 18. Bxc5 {[%clk 0:54:36]} bxc5 {[%clk 0:10:38]} 19. Rd6 {[%clk
0:54:25]} Rfd8 {[%clk 0:09:34]} 20. Rad1 {[%clk 0:53:59]} Rxd6 {[%clk 0:09:46]}
21. Rxd6 {[%clk 0:54:22]} Kf8 {[%clk 0:09:32]} 22. Kf1 {[%clk 0:46:49]} Ke7
{[%clk 0:09:47]} 23. Rd3 {[%clk 0:47:13]} Rd8 {[%clk 0:09:11]} 24. Rxd8 {[%clk
0:39:22]} Kxd8 {[%clk 0:09:36]} 25. Ke2 {[%clk 0:39:48]} Ne4 {[%clk 0:03:35]}
1/2-1/2

[Event "Irena Warakomska Memorial A"]
[Site "Suwalki"]
[Date "2021.07.29"]
[Round "3"]
[White "Maj, Pawel"]
[Black "Lach, Aleksandra"]
[Result "1/2-1/2"]
[Board "35"]
[WhiteElo "2113"]
[WhiteCountry "POL"]
[WhiteFideId "21818290"]
[WhiteEloChange "2"]
[BlackElo "2183"]
[BlackTitle "WIM"]
[BlackCountry "POL"]
[BlackFideId "1134299"]
[BlackEloChange "-2"]

1. c4 {[%clk 1:30:57]} e5 {[%clk 1:29:18]} 2. g3 {[%clk 1:31:09]} Nf6 {[%clk
1:28:56]} 3. Bg2 {[%clk 1:31:33]} Nc6 {[%clk 1:28:32]} 4. Nc3 {[%clk 1:31:49]}
Bb4 {[%clk 1:27:25]} 5. Nd5 {[%clk 1:31:12]} O-O {[%clk 1:22:00]} 6. Nxb4 {[%clk
1:29:21]} Nxb4 {[%clk 1:22:25]} 7. d3 {[%clk 1:29:16]} h6 {[%clk 1:19:59]} 8. Nf3
{[%clk 1:29:04]} Nc6 {[%clk 1:14:39]} 9. O-O {[%clk 1:29:20]} d6 {[%clk 1:08:01]}
10. Bd2 {[%clk 1:27:05]} Be6 {[%clk 0:59:41]} 11. Bc3 {[%clk 1:23:50]} Qd7 {[%clk
0:54:28]} 12. b4 {[%clk 1:18:58]} Bh3 {[%clk 0:48:46]} 13. b5 {[%clk 1:19:02]}
Ne7 {[%clk 0:49:00]} 14. e4 {[%clk 1:19:16]} Ng6 {[%clk 0:41:53]} 15. Ne1 {[%clk
1:13:35]} Nh7 {[%clk 0:33:52]} 16. f3 {[%clk 1:00:17]} c6 {[%clk 0:23:46]} 17.
bxc6 {[%clk 0:58:18]} bxc6 {[%clk 0:24:15]} 18. d4 {[%clk 0:53:58]} 1/2-1/2

[Event "Irena Warakomska Memorial A"]
[Site "Suwalki"]
[Date "2021.07.29"]
[Round "3"]
[White "Warchol, Kamil"]
[Black "Liberadzki, Slawomir"]
[Result "1/2-1/2"]
[Board "36"]
[WhiteElo "2183"]
[WhiteTitle "CM"]
[WhiteCountry "POL"]
[WhiteFideId "21858241"]
[WhiteEloChange "-4"]
[BlackElo "2022"]
[BlackCountry "POL"]
[BlackFideId "1123483"]
[BlackEloChange "4"]

1. e4 {[%clk 1:30:48]} c5 {[%clk 1:30:55]} 2. Nf3 {[%clk 1:30:51]} e6 {[%clk
1:31:20]} 3. b3 {[%clk 1:30:46]} d6 {[%clk 1:27:08]} 4. Bb2 {[%clk 1:27:47]} Nf6
{[%clk 1:26:48]} 5. d3 {[%clk 1:20:10]} Nc6 {[%clk 1:24:59]} 6. g3 {[%clk
1:17:34]} Be7 {[%clk 1:24:22]} 7. Bg2 {[%clk 1:17:00]} O-O {[%clk 1:22:36]} 8.
O-O {[%clk 1:16:27]} Qc7 {[%clk 1:21:31]} 9. c4 {[%clk 1:05:06]} e5 {[%clk
1:17:22]} 10. h3 {[%clk 1:02:14]} Nd4 {[%clk 1:14:58]} 11. Nxd4 {[%clk 0:54:53]}
cxd4 {[%clk 1:13:13]} 12. f4 {[%clk 0:52:56]} Nd7 {[%clk 1:13:07]} 13. f5 {[%clk
0:43:48]} a5 {[%clk 1:11:31]} 14. Na3 {[%clk 0:40:24]} Nc5 {[%clk 1:10:59]} 15.
Nb5 {[%clk 0:38:31]} Qd8 {[%clk 1:10:55]} 16. h4 {[%clk 0:36:23]} Ra6 {[%clk
1:01:07]} 17. Bc1 {[%clk 0:31:43]} Bd7 {[%clk 0:57:12]} 18. a4 {[%clk 0:29:45]}
Bxb5 {[%clk 0:55:30]} 19. axb5 {[%clk 0:25:16]} Ra8 {[%clk 0:54:31]} 20. Ra3
{[%clk 0:24:59]} b6 {[%clk 0:50:51]} 21. Qc2 {[%clk 0:24:15]} Nd7 {[%clk
0:45:25]} 22. Ra2 {[%clk 0:23:42]} Nc5 {[%clk 0:45:46]} 23. Bd2 {[%clk 0:23:19]}
Rb8 {[%clk 0:42:51]} 24. Rfa1 {[%clk 0:21:21]} Rb7 {[%clk 0:41:44]} 25. Bf1
{[%clk 0:21:00]} Qc7 {[%clk 0:39:20]} 26. Ra3 {[%clk 0:20:08]} Rfb8 {[%clk
0:39:15]} 27. Qd1 {[%clk 0:19:21]} Nd7 {[%clk 0:33:14]} 28. R3a2 {[%clk 0:16:52]}
Nc5 {[%clk 0:33:30]} 29. b4 {[%clk 0:17:15]} axb4 {[%clk 0:33:17]} 30. Bxb4
{[%clk 0:17:33]} Qd8 {[%clk 0:30:50]} 31. Ra3 {[%clk 0:14:32]} h6 {[%clk
0:30:41]} 32. Qh5 {[%clk 0:13:24]} Qe8 {[%clk 0:28:42]} 33. Kh2 {[%clk 0:10:22]}
Nd7 {[%clk 0:28:06]} 34. Qf3 {[%clk 0:09:37]} Qd8 {[%clk 0:27:02]} 35. Kh3 {[%clk
0:09:13]} Rc7 {[%clk 0:24:48]} 36. g4 {[%clk 0:07:09]} Nc5 {[%clk 0:23:50]} 37.
Qg3 {[%clk 0:06:43]} Rcc8 {[%clk 0:23:52]} 38. Bd2 {[%clk 0:04:26]} f6 {[%clk
0:19:25]} 39. Qe1 {[%clk 0:04:12]} Ra8 {[%clk 0:19:30]} 40. Qc1 {[%clk 0:34:07]}
Rcb8 {[%clk 0:46:06]} 41. Be2 {[%clk 0:30:04]} Rxa3 {[%clk 0:42:12]} 42. Qxa3
{[%clk 0:29:03]} Qc7 {[%clk 0:41:51]} 43. Qa7 {[%clk 0:25:20]} Rb7 {[%clk
0:40:27]} 44. Qa8+ {[%clk 0:24:42]} Qb8 {[%clk 0:36:22]} 45. Ra3 {[%clk 0:20:51]}
Kf7 {[%clk 0:27:30]} 46. Bb4 {[%clk 0:15:33]} Ke8 {[%clk 0:24:42]} 47. Bxc5
{[%clk 0:14:44]} dxc5 {[%clk 0:25:02]} 48. Qa6 {[%clk 0:06:54]} Kd8 {[%clk
0:20:44]} 49. Kg3 {[%clk 0:07:09]} Kc7 {[%clk 0:20:46]} 50. Ra2 {[%clk 0:07:04]}
Qh8 {[%clk 0:19:38]} 51. Qa8 {[%clk 0:06:20]} Qxa8 {[%clk 0:19:54]} 52. Rxa8
{[%clk 0:06:48]} Rb8 {[%clk 0:20:09]} 53. Ra7+ {[%clk 0:07:14]} Rb7 {[%clk
0:20:33]} 54. Rxb7+ {[%clk 0:06:56]} Kxb7 {[%clk 0:20:54]} 55. g5 {[%clk
0:07:00]} fxg5 {[%clk 0:20:04]} 56. hxg5 {[%clk 0:07:29]} Bxg5 {[%clk 0:19:42]}
57. Kg4 {[%clk 0:07:54]} Kc7 {[%clk 0:19:29]} 58. Kh5 {[%clk 0:08:17]} Kd7 {[%clk
0:18:45]} 59. Kg6 {[%clk 0:08:44]} Bf6 {[%clk 0:19:04]} 60. Kf7 {[%clk 0:09:08]}
Kd6 {[%clk 0:19:16]} 1/2-1/2

[Event "Irena Warakomska Memorial A"]
[Site "Suwalki"]
[Date "2021.07.29"]
[Round "3"]
[White "Derylo, Kamil"]
[Black "Kaczmarek, Arkadiusz"]
[Result "1/2-1/2"]
[Board "37"]
[WhiteElo "2062"]
[WhiteCountry "POL"]
[WhiteFideId "21846596"]
[WhiteEloChange "2"]
[BlackElo "2147"]
[BlackCountry "POL"]
[BlackFideId "1178393"]
[BlackEloChange "-2"]

1. b4 {[%clk 1:21:24]} e5 {[%clk 1:30:46]} 2. Bb2 {[%clk 1:21:49]} Bxb4 {[%clk
1:30:58]} 3. Bxe5 {[%clk 1:22:13]} Nf6 {[%clk 1:31:13]} 4. c3 {[%clk 1:22:37]}
Be7 {[%clk 1:25:37]} 5. e3 {[%clk 1:22:53]} O-O {[%clk 1:24:41]} 6. Bxf6 {[%clk
1:22:11]} Bxf6 {[%clk 1:25:00]} 7. g3 {[%clk 1:22:34]} d5 {[%clk 1:24:18]} 8. d4
{[%clk 1:22:26]} c6 {[%clk 1:19:44]} 9. Bg2 {[%clk 1:19:57]} Bf5 {[%clk 1:19:22]}
10. Ne2 {[%clk 1:19:48]} Nd7 {[%clk 1:18:42]} 11. O-O {[%clk 1:18:04]} b5 {[%clk
1:14:03]} 12. a4 {[%clk 1:17:10]} Nb6 {[%clk 1:13:26]} 13. axb5 {[%clk 1:07:01]}
cxb5 {[%clk 1:13:12]} 14. Nf4 {[%clk 1:07:05]} Qd7 {[%clk 0:55:25]} 15. Qb3
{[%clk 1:00:04]} Rfd8 {[%clk 0:54:35]} 16. Nxd5 {[%clk 0:48:46]} Nxd5 {[%clk
0:42:30]} 17. e4 {[%clk 0:48:55]} Be6 {[%clk 0:42:44]} 18. exd5 {[%clk 0:48:58]}
Bxd5 {[%clk 0:43:11]} 19. Bxd5 {[%clk 0:48:26]} Qxd5 {[%clk 0:43:38]} 20. Qxd5
{[%clk 0:39:34]} Rxd5 {[%clk 0:43:42]} 21. Re1 {[%clk 0:38:48]} Kf8 {[%clk
0:38:37]} 22. Ra6 {[%clk 0:35:56]} b4 {[%clk 0:28:29]} 23. cxb4 {[%clk 0:35:58]}
Bxd4 {[%clk 0:28:39]} 24. Na3 {[%clk 0:34:22]} Rc8 {[%clk 0:20:01]} 25. Re2
{[%clk 0:30:01]} Rc1+ {[%clk 0:14:46]} 26. Kg2 {[%clk 0:30:22]} Bb6 {[%clk
0:15:09]} 27. Nc2 {[%clk 0:26:18]} Rb1 {[%clk 0:13:43]} 28. Ra2 {[%clk 0:24:34]}
g6 {[%clk 0:11:48]} 29. Ne3 {[%clk 0:19:29]} Re5 {[%clk 0:10:17]} 30. Reb2 {[%clk
0:16:31]} Rxb2 {[%clk 0:09:38]} 31. Rxb2 {[%clk 0:16:09]} Bxe3 {[%clk 0:09:44]}
32. fxe3 {[%clk 0:16:36]} Rxe3 {[%clk 0:09:23]} 33. b5 {[%clk 0:16:26]} Ra3
{[%clk 0:05:46]} 34. h4 {[%clk 0:15:49]} h5 {[%clk 0:04:32]} 35. b6 {[%clk
0:16:00]} axb6 {[%clk 0:04:46]} 36. Rxb6 {[%clk 0:16:23]} Kg7 {[%clk 0:04:50]}
37. Rc6 {[%clk 0:16:19]} Ra2+ {[%clk 0:04:40]} 38. Kf3 {[%clk 0:16:07]} Ra5
{[%clk 0:04:55]} 39. Rb6 {[%clk 0:16:01]} Ra3+ {[%clk 0:04:41]} 40. Kg2 {[%clk
0:46:24]} Ra4 {[%clk 0:34:41]} 41. Rc6 {[%clk 0:46:33]} Rg4 {[%clk 0:28:04]} 42.
Kh3 {[%clk 0:45:24]} g5 {[%clk 0:28:05]} 43. hxg5 {[%clk 0:45:42]} Rxg5 {[%clk
0:28:27]} 44. Ra6 {[%clk 0:45:51]} f6 {[%clk 0:28:29]} 45. Rb6 {[%clk 0:45:52]}
Kg6 {[%clk 0:28:23]} 46. Ra6 {[%clk 0:45:54]} Rb5 {[%clk 0:28:29]} 47. Ra8 {[%clk
0:45:28]} Rb7 {[%clk 0:28:17]} 48. Rc8 {[%clk 0:45:44]} f5 {[%clk 0:27:58]} 49.
Ra8 {[%clk 0:45:23]} Rb3 {[%clk 0:27:20]} 50. Kh4 {[%clk 0:45:34]} Rb4+ {[%clk
0:24:43]} 51. Kh3 {[%clk 0:45:59]} h4 {[%clk 0:24:49]} 52. Rg8+ {[%clk 0:44:57]}
Kf7 {[%clk 0:24:43]} 53. Rg5 {[%clk 0:44:27]} hxg3 {[%clk 0:25:00]} 54. Rxf5+
{[%clk 0:44:42]} Kg6 {[%clk 0:24:58]} 55. Rf3 {[%clk 0:45:04]} Rb5 {[%clk
0:25:18]} 56. Kxg3 {[%clk 0:45:11]} 1/2-1/2

[Event "Irena Warakomska Memorial A"]
[Site "Suwalki"]
[Date "2021.07.29"]
[Round "4"]
[White "Laurusas, Tomas"]
[Black "Socko, Bartosz"]
[Result "1/2-1/2"]
[Board "1"]
[WhiteElo "2518"]
[WhiteTitle "IM"]
[WhiteCountry "LTU"]
[WhiteFideId "12803731"]
[WhiteEloChange "1"]
[BlackElo "2619"]
[BlackTitle "GM"]
[BlackCountry "POL"]
[BlackFideId "1107038"]
[BlackEloChange "-1"]

1. d4 {[%clk 1:30:57]} Nf6 {[%clk 1:30:53]} 2. c4 {[%clk 1:31:21]} e6 {[%clk
1:31:19]} 3. Nf3 {[%clk 1:31:45]} b6 {[%clk 1:31:47]} 4. g3 {[%clk 1:32:08]} Ba6
{[%clk 1:32:11]} 5. b3 {[%clk 1:32:32]} Bb4+ {[%clk 1:32:37]} 6. Bd2 {[%clk
1:32:57]} Be7 {[%clk 1:33:01]} 7. Bg2 {[%clk 1:33:23]} O-O {[%clk 1:33:25]} 8.
Bc3 {[%clk 1:33:45]} d5 {[%clk 1:33:39]} 9. Nbd2 {[%clk 1:33:56]} Nbd7 {[%clk
1:32:30]} 10. O-O {[%clk 1:34:16]} c5 {[%clk 1:32:18]} 11. Rc1 {[%clk 1:31:46]}
Rc8 {[%clk 1:31:57]} 12. Bb2 {[%clk 1:32:01]} Bd6 {[%clk 1:29:56]} 13. Re1 {[%clk
1:31:26]} Bb7 {[%clk 1:23:56]} 14. cxd5 {[%clk 1:26:44]} exd5 {[%clk 1:22:56]}
15. dxc5 {[%clk 1:09:41]} bxc5 {[%clk 1:20:23]} 16. e4 {[%clk 1:00:16]} dxe4
{[%clk 1:11:00]} 17. Nc4 {[%clk 0:55:34]} Bb8 {[%clk 1:00:03]} 18. Nfd2 {[%clk
0:54:49]} Qe7 {[%clk 0:45:12]} 19. Qc2 {[%clk 0:55:00]} Rfe8 {[%clk 0:36:24]} 20.
Re2 {[%clk 0:54:31]} Be5 {[%clk 0:34:54]} 21. Nxe4 {[%clk 0:41:22]} Bxb2 {[%clk
0:34:00]} 22. Nxf6+ {[%clk 0:40:50]} Qxf6 {[%clk 0:34:20]} 23. Qxb2 {[%clk
0:38:34]} Rxe2 {[%clk 0:32:20]} 24. Qxe2 {[%clk 0:38:58]} Bxg2 {[%clk 0:32:41]}
25. Kxg2 {[%clk 0:39:22]} Nf8 {[%clk 0:32:06]} 26. Qf3 {[%clk 0:36:58]} Qxf3+
{[%clk 0:32:29]} 27. Kxf3 {[%clk 0:37:23]} Rd8 {[%clk 0:32:44]} 28. Ne3 {[%clk
0:33:14]} Ne6 {[%clk 0:32:41]} 29. Rd1 {[%clk 0:33:24]} Nd4+ {[%clk 0:22:59]} 30.
Kg2 {[%clk 0:33:50]} Rb8 {[%clk 0:22:33]} 31. Rc1 {[%clk 0:33:49]} Ne6 {[%clk
0:22:58]} 32. Rc4 {[%clk 0:32:27]} Kf8 {[%clk 0:21:46]} 33. Ra4 {[%clk 0:32:21]}
Rb7 {[%clk 0:22:11]} 34. Ra6 {[%clk 0:31:14]} Ke7 {[%clk 0:20:48]} 35. Nc4 {[%clk
0:31:12]} Nd4 {[%clk 0:16:59]} 36. h4 {[%clk 0:29:12]} f6 {[%clk 0:15:20]} 37. h5
{[%clk 0:28:45]} Rd7 {[%clk 0:12:43]} 38. Ne3 {[%clk 0:24:28]} h6 {[%clk
0:10:02]} 39. g4 {[%clk 0:23:34]} Kd8 {[%clk 0:10:15]} 40. Kg3 {[%clk 0:53:12]}
Kc8 {[%clk 0:40:07]} 41. Ra5 {[%clk 0:47:42]} Ne6 {[%clk 0:40:22]} 42. Ra4 {[%clk
0:46:28]} Kb7 {[%clk 0:38:32]} 43. Re4 {[%clk 0:43:45]} Nd4 {[%clk 0:38:56]} 44.
Kf4 {[%clk 0:42:11]} Kc6 {[%clk 0:24:55]} 45. Re8 {[%clk 0:39:18]} Kb5 {[%clk
0:25:17]} 46. Rb8+ {[%clk 0:30:21]} Kc6 {[%clk 0:25:39]} 47. Nc4 {[%clk 0:29:08]}
Ne2+ {[%clk 0:18:18]} 48. Kf5 {[%clk 0:24:27]} Rd5+ {[%clk 0:18:34]} 49. Ke6
{[%clk 0:24:52]} Nf4+ {[%clk 0:13:26]} 50. Kf7 {[%clk 0:23:17]} Rd7+ {[%clk
0:10:10]} 51. Kg8 {[%clk 0:23:42]} Kd5 {[%clk 0:10:02]} 52. Re8 {[%clk 0:20:17]}
g6 {[%clk 0:10:11]} 53. Ne3+ {[%clk 0:19:09]} Kd4 {[%clk 0:10:35]} 54. Rf8 {[%clk
0:19:31]} gxh5 {[%clk 0:10:15]} 55. Rxf6 {[%clk 0:19:33]} Ke4 {[%clk 0:07:45]}
56. gxh5 {[%clk 0:18:42]} Nxh5 {[%clk 0:07:29]} 57. Rxh6 {[%clk 0:19:06]} Nf4
{[%clk 0:07:43]} 58. Nc4 {[%clk 0:19:17]} Nd3 {[%clk 0:06:30]} 59. Rf6 {[%clk
0:17:17]} Nc1 {[%clk 0:04:51]} 60. f3+ {[%clk 0:17:14]} Kd4 {[%clk 0:05:16]} 61.
Ra6 {[%clk 0:17:34]} Rd5 {[%clk 0:04:56]} 62. Ra4 {[%clk 0:07:02]} Kc3 {[%clk
0:05:20]} 63. Ne3 {[%clk 0:04:43]} Rd3 {[%clk 0:02:46]} 64. Nf5 {[%clk 0:02:24]}
Rxf3 {[%clk 0:02:58]} 65. Nd6 {[%clk 0:02:49]} Rd3 {[%clk 0:02:17]} 66. Ne4+
{[%clk 0:03:09]} Kb2 {[%clk 0:02:42]} 67. Nxc5 {[%clk 0:02:55]} Rg3+ {[%clk
0:02:35]} 68. Kf7 {[%clk 0:03:19]} Nxa2 {[%clk 0:02:54]} 69. Rxa7 {[%clk
0:03:43]} Nb4 {[%clk 0:01:42]} 70. Ke6 {[%clk 0:03:49]} Rg6+ {[%clk 0:01:23]} 71.
Kf5 {[%clk 0:03:37]} Rc6 {[%clk 0:01:47]} 72. Ne6 {[%clk 0:04:02]} Rc8 {[%clk
0:01:33]} 73. Nd4 {[%clk 0:04:08]} Rd8 {[%clk 0:01:52]} 74. Ke4 {[%clk 0:04:34]}
Rxd4+ {[%clk 0:02:08]} 75. Kxd4 {[%clk 0:04:59]} Nc6+ {[%clk 0:02:32]} 76. Kc5
{[%clk 0:05:25]} Nxa7 {[%clk 0:02:58]} 77. b4 {[%clk 0:05:51]} Kc3 {[%clk
0:03:24]} 78. b5 {[%clk 0:06:17]} Nxb5 {[%clk 0:03:50]} 79. Kxb5 {[%clk 0:06:41]}
1/2-1/2